Fruit ou légume_Choix Multiples - Statistiques

Statistiques générales
  • Ce quiz a été pris 115 fois
  • Le résultat moyen est 11 sur 15
Statistiques - réponses
Question Réponse % Correct
Framboise Fruit
100%
Chou Légume
99%
mûres Fruit
98%
Lentilles Légume
98%
Oignon Légume
98%
Poireaux Légume
98%
Pois chiches Légume
97%
Epinard Légume
97%
Asperges Légume
96%
Avocat Fruit
82%
Olive Fruit
65%
Piment Fruit
36%
Concombre Fruit
32%
Poivron Fruit
25%
Aubergine Fruit
14%
Aucun quiz correspondant
Distribution des résultats
% des personnes avec chaque résultat
Percentile par nombre de réponses
Votre historique - résultats
Vous n’avez pas pris ce quiz